| 000 | 01244 am a2200361ua 4500 | ||
|---|---|---|---|
| 999 |
_c28561 _d28532 |
||
| 001 | 010032945 | ||
| 003 | EG-ScBUE | ||
| 005 | 20200816124143.0 | ||
| 008 | 030811t2004 nyuac f d 001 0 eng d | ||
| 020 | _a0071232664 (pbk.) | ||
| 020 | _a9780071232661 | ||
| 040 |
_aDLC _beng _erda _cDLC _dUk _dEG-ScBUE |
||
| 082 | 0 | 4 |
_a658.84 _bRAY _222 |
| 100 | 1 |
_aRayport, Jeffrey F., _eauthor. |
|
| 245 | 1 | 0 |
_aIntroduction to e-commerce / _cJeffrey F. Rayport, Marketspace, a Monitor Group Company, Bernard J. Jaworski, Marketspace, a Monitor Group Company. |
| 250 | _aSecond edition. | ||
| 250 | _aInternational edition. | ||
| 264 | 1 |
_aNew York, NY : _bMcGraw-Hill Education, _c[2004] |
|
| 264 | 4 | _cc2004 | |
| 300 |
_axxvii, 516 pages : _billustrations, portraits ; _c26 cm |
||
| 336 |
_atext _2rdacontent _btxt |
||
| 337 |
_aunmediated _2rdamedia _bn |
||
| 338 |
_avolume _2rdacarrier _bnc |
||
| 500 | _aPrevious ed.: Boston, Mass. : McGrawHill/Irwin MarketplaceU, 2002. | ||
| 500 | _aIncludes appendix. | ||
| 500 | _aIncludes index. | ||
| 500 | _aIncludes glossary. | ||
| 650 | 7 |
_aElectronic commerce. _2BUEsh |
|
| 653 |
_bGGEN _cJuly2020 |
||
| 655 |
_vReading book _934232 |
||
| 700 | 1 |
_aJaworski, Bernard J., _eauthor. |
|
| 942 |
_2ddc _cBB |
||